| 000 | 01019nam a22002175i 4500 | ||
|---|---|---|---|
| 001 | 48436 | ||
| 003 | ES-MaACL | ||
| 005 | 20250717081027.0 | ||
| 007 | t| | ||
| 008 | 950718s1894 sp ||||1| spa d | ||
| 040 |
_aCAM _bspa _cCAM |
||
| 100 | 1 |
_aDecref y Ruiz, Joaquín. _943185 |
|
| 245 | 1 | 0 |
_aDiscurso leído en la facultad de Medicina de la Universidad Central _b: [trabajos prácticos sobre mecanoterapia en el tratamiento de algunas lesiones articulares] / _cpor D. Joaquín Decref y Ruiz ; en el acto de aspirar al grado de doctor... el día 14 de febrero de 1894. |
| 260 |
_aMadrid : _b[s.n.], _c1894 ( _fImpr. Nicolás Moya) |
||
| 300 |
_a51 p. : _bil. ; _c26 cm. |
||
| 650 | 4 |
_aGimnasia médica. _9152898 |
|
| 710 | 2 |
_aUniversidad Central (Madrid). _bFacultad de Medicina _97093 |
|
| 740 | 0 | _aTrabajos prácticos sobre mecanoterapia en el tratamiento de algunas lesiones articulares. | |
| 852 |
_aES-MaACL _jT-834-F-3 _z.- Enc. en un vol. facticio conservando la enc. original |
||
| 999 |
_c48436 _d48436 |
||